Pokemon starting with the letter V - Statistics

General Stats
  • This quiz has been taken 13 times
  • The average score is 20 of 25
Answer Stats
Gen Answer % Correct
1 Venonat
100%
5 Victini
100%
1 Victreebel
100%
1 Vaporeon
90%
1 Venomoth
90%
1 Venusaur
90%
5 Virizion
90%
5 Vanillish
80%
5 Vanillite
80%
5 Vanilluxe
80%
5 Venipede
80%
4 Vespiquen
80%
6 Vivillon
80%
3 Volbeat
80%
5 Volcarona
80%
5 Vullaby
80%
1 Vulpix
80%
9 Varoom
70%
9 Veluza
70%
6 Volcanion
70%
1 Voltorb
70%
3 Vibrava
60%
3 Vigoroth
60%
1 Vileplume
60%
7 Vikavolt
50%
No matching quizzes found
Score Distribution
Percent of People with Each Score
Percentile by Number Answered
Your Score History
You have not taken this quiz